000 01286nam0a22002531 4500
001 rc\2641796
005 20250529185825.0
035 _a(NLR Aleph) 006949700
090 _a5234829
_c5234829
100 _a20110606d1930 |||y0rusy50 ca
101 0 _arus
102 _aRU
105 _aak z |||||
200 1 _aСпособы посева луговых трав на семена
_fИ.М. Беляев
210 _aЛенинград
_cЛенингр. обл. с.-х. опытная станция
_d1930
_gтип. "Новая жизнь"
215 _a29 с., [3] вкл. л. табл. и бланков-анкеты
_cил., черт., табл.
_d15х11 см
225 1 _aКраткое наставление для проведения массовых опытов по семеноводству луговых трав
_fРСФСР. Нар. ком. зем. Ленингр. обл. с.-х. опытная станция. Отд. применения
_v№ 5
300 _aБез тит. л. Описано по обл.
700 1 _7ca
_8rus
_aБеляев
_bИ. М.
_cд-р с.-х. наук
_f1904-
_gИлья Михайлович
_9231855
_3RU\NLR\AUTH\770231911
801 0 _aRU
_bNLR
_gpsbo
801 1 _aRU
_bELAR
_2rusmarc
852 _aNLR
_j30.15/201(5)
942 _cBOOK
980 _aNB